00799nam a22002297a 450000500170000001000150001702000270003203500140005903700090007308200080008210000220009024500960011225000060020826000550021427000660026930000250033565000380036065000510039865000620044970000260051170000320053720250107121537.0 aENG-143219 a9780808924067c4067.00 aEN-126751 bDBAD a611 aDrake, Richard L. aGray's Anatomy For Students/cby Richard L. Drake; A. Wayne Vogl [and] Adam W. M. Mitchell a2 aPhiladelphiabChurchill Livingstone Elsevierc2010 a1600 John F. Kennedy Blvd, Ste 1800 bPhiladelphiae191032899 axxv,1103p.b27cm(pb) aChurchill, Winston, -- 1874-1965. aPrime ministers -- Great Britain -- Biography. aGreat Britain -- Politics and government -- 20th century. aA. Wayne VogleAuthor aAdam W. M. MitchelleAuthor